Statistics for College Football - Named Rivalries but No Trophy

Click here to take the quiz!

General Stats

  • This quiz has been taken 18 times
  • The average score is 4 of 11

Answer Stats

Team #1Team #2Rivalry Name% Correct
PittsburghWest VirginiaBackyard Brawl
83%
Brigham YoungUtahHoly War
78%
KansasMissouriBorder War
72%
OklahomaOklahoma StateBedlam Series
61%
North CarolinaVirginiaSouth's Oldest Rivalry
33%
Central FloridaConnecticutCivil ConFLiCT
22%
Middle TennesseeWestern Kentucky100 Miles of Hate
17%
BaylorTexas A&MBattle of the Brazos
11%
New MexicoNew Mexico StateRio Grande Rivalry
6%
Georgia StateSouth AlabamaClash of the Claws
0%
Louisiana TechSouthern MississippiRivalry in Dixie
0%

Score Distribution

Percentile by Number Answered

Percent of People with Each Score

Your Score History

You have not taken this quiz